| 000 | 00000nam##2200000za#4500 |
| 001 | 9.603478 |
| 003 | CaOODSP |
| 005 | 20210624211108 |
| 007 | cr ||||||||||| |
| 008 | 150406|2005||||xxc|||||o f|0| 0 fre|d |
| 040 | |aCaOODSP|bfre |
| 043 | |an-cn--- |
| 086 | 1 |aBT31-4/69-2005F-PDF |
| 110 | 1 |aCanada. |bConseil du trésor. |
| 245 | 10|aComité externe d'examen de la GRC - 2004-2005 rapport ministériel sur le rendement |h[ressource électronique] |
| 260 | |aOttawa - Ontario : |bSecrétariat du Conseil du Trésor du Canada |c[2005]. |
| 300 | |a26p.|borganigramme, tableaux |
| 490 | 1 |aRapport sur le rendement pour la période se terminant le 31 mars 2005 |
| 590 | |a12-07-Supp|b2012-03-09 |
| 775 | 08|tRCMP External Review Committee, 2004-2005 departmental performance report |w(CaOODSP)9.573269 |
| 776 | 0#|tRCMP External Review Committee |w(CaOODSP)9.541892 |
| 776 | 0#|tComité externe d'examen de la GRC |w(CaOODSP)9.541893 |
| 830 | #0|aRapport sur le rendement pour la période se terminant le 31 mars 2005.|w(CaOODSP)9.502661 |
| 856 | 40|ahttp://publications.gc.ca|qPDF|s188 Ko|uhttps://publications.gc.ca/collections/collection_2012/sct-tbs/BT31-4-69-2005-fra.pdf |